000 00718nam a2200241 a 4500
001 34980
003 BD-RjUL
005 20211209052236.0
008 140520s1980 ii b 001 0 eng
035 _a(BD-RjUL)35074
040 _aDLC
_cDLC
_dBD-RjUL
_beng
041 _aeng
082 0 0 _a954.1403
_219
_bPAN 1980
100 1 _aPalit, Chittabrata.
_911064
245 1 0 _aNew viewpoints on nineteenth century Bengal /
_cChittabrata Palit.
260 _aCalcutta :
_bProgressive Publishers,
_c1980.
300 _aviii, 188 ;
_c21 cm.
504 _aIncludes bibliographical references and index.
651 0 _aBengal (India)
_xHistory.
_9106501
942 _2ddc
_cBK
999 _c34980
_d34980